I Was Made For Lovin' You - KISS - All Lyrics - Statistics

General Stats
  • This quiz has been taken 351 times
    278 since last reset
  • The average score is 260 of 294
Answer Stats
Answer % Correct
do-do,
100%
do-do
100%
Do-do-do,
100%
I
99%
was
98%
you
98%
you,
98%
You
98%
baby
97%
for
97%
lovin'
97%
made
97%
me
96%
me?
96%
And
93%
And,
93%
were
93%
we're
93%
to
90%
Can
89%
can
89%
can't
85%
Tonight,
85%
tonight,
85%
get
83%
it
83%
enough
82%
enough,
82%
all
80%
of
79%
the
79%
In
77%
in
77%
wanna
77%
give
74%
your
73%
do
71%
so
71%
darkness,
69%
girl,
69%
Oh,
63%
oh,
63%
oh
63%
there's
61%
'Cause,
60%
‘Cause,
60%
much
60%
gonna
57%
make
54%
see
54%
feet
52%
eyes
51%
come
50%
that
50%
true
50%
lay
49%
at
47%
Feel
43%
something
42%
No,
41%
magic,
38%
wild
37%
drives
36%
No matching quizzes found
Score Distribution
Percent of People with Each Score
Percentile by Number Answered
Your Score History
You have not taken this quiz since the last reset